Red Hat Linux : Herramientas para la Adminstración de Redes / Steve Maxwell (Registro nro. 13186)
[ vista simple ]
| 000 -LÍDER | |
|---|---|
| fixed length control field | 00559nam a2200157 4500 |
| 008 - ELEMENTOS DE LONGITUD FIJA -- INFORMACIÓN GENERAL | |
| fixed length control field | 0 2001 0a 000 0COL |
| 020 ## - NÚMERO INTERNACIONAL NORMALIZADO PARA LIBROS | |
| ISBN | 958-41-0220-6 |
| 050 ## - SIGNATURA TOPOGRAFICA DE LA BIBLIOTECA DEL CONGRESO (LC) | |
| Número de Clasificación | TK5105 8 M3 2001 |
| 082 ## - NUMERO DE CLASIFICACION DECIMAL DEWEY | |
| Número de Clasificación | 004.68 M465r |
| 100 ## - ASIENTO PRINCIPAL--NOMBRE PERSONAL | |
| Nombre personal | Maxwell, Steve |
| 245 ## - TÍTULO | |
| Título | Red Hat Linux : Herramientas para la Adminstración de Redes / Steve Maxwell |
| 260 ## - PUBLICACIÓN, DISTRIBUCIÓN, ETC. (PIE DE IMPRENTA) | |
| Lugar de publicación, distribución, etc. | Bogot -Colombia : McGrawHill |
| 300 ## - DESCRIPCIÓN FÍSICA | |
| Extensión | xxviii, 700 p. / 22 cm. |
| 500 ## - NOTA GENERAL | |
| Nota general | Incluye Glosario e Índice. |
| 650 ## - ASIENTO SECUNDARIO DE MATERIA - TERMINO TEMÁTICO | |
| Término temático o nombre geográfico como elemento de entrada | 1. REDES DE COMPUTACIÓN-ADMINISTRACIÓN-PROCESAMIENTO \ 2. LINUX PANEL DE CONTROL |
| No. biblioteca | No. biblioteca | Número de clasificación | Código de barras/Número de adquisición | Número de copia | Tipo de material |
|---|---|---|---|---|---|
| LUIS G. INCLAN | LUIS G. INCLAN | 004.68 M465r | 37380 | 1 | Libros |
| LUIS G. INCLAN | LUIS G. INCLAN | 004.68 M465r | 47394 | 2 | Libros |
